Teen Wolf Characters - Statistics

General Stats
  • This quiz has been taken 1,685 times
  • The average score is 14 of 15
Answer Stats
Hint Answer % Correct
True Alpha Scott McCall
100%
Hunter's Daughter Allison Argent
99%
Was an Alpha, then became a Beta Derek Hale
99%
Banshee Lydia Martin
99%
Above's Best Friend Stiles Stilinski
99%
Twin #2 Aiden
94%
Father of above Chris Argent
94%
Werecoyote Malia Tate
94%
Twin #1 Ethan
93%
Female Beta of above Erica Reyes
88%
Final Beta of above Vernon Boyd
88%
Hunter/Werejaguar Kate Argent
85%
First Beta of above Isaac Lahey
84%
Main Alpha of The Alpha Pack Deucalion
75%
Coach Bobby Finstock
69%
No matching quizzes found
Score Distribution
Percent of People with Each Score
Percentile by Number Answered
Your Score History
You have not taken this quiz